000 00332nam a2200145Ia 4500
005 20251222143209.0
008 251222s9999||||xx |||||||||||||| ||spa||
020 _a8423120139
082 _a618.2/M26
100 _aMarion, S.
245 0 _aGuía del Embarazo:
250 _a1ra. ed.
264 _bEdiciones Daimon
942 _cLIB
999 _c13381
_d13381